000 00531nam a2200193Ia 4500
003 GCL
008 140319s9999 xx 000 0 eng d
040 _aGCL /
_cGCL
082 0 4 _a113
_bH I
100 1 _aHARRIS, ERROL
245 1 0 _aIDEAS FOR A PHILIOSOPHY OF NATURE /
_cHARRIS, ERROL
700 1 _aHEATH, PETER
260 _a[S.N] :
_bCAMBRIBGE UNIVERSITY PRESS ،
_c1988
300 _a294 P
490 _aTEXTS IN GERMAN PHILOSOPHY
_v0
650 0 4 _aPHILOSOPHY - NATURE
650 0 4 _aPHILOSOPHY - THEORY
942 _2ddc
_cBK
999 _c21130
_d21130